[Event "WCO 2016"]
[Site "?"]
[Date "2016.09.11"]
[Round "9"]
[Board "9"]
[WhiteID "10000313"]
[White "Kigeni Grace"]
[BlackID "6600514"]
[Black "Munoz Alba"]
[Result "0-1"]
[BlackElo "1704"]
[WhiteElo "1632"]
[LiveChessVersion "1.4.8"]

1. d4 {[%clk 1:30:53]} d5 {[%clk 1:30:56]} 2. Nf3 {[%clk 1:31:15]} Nf6
{[%clk 1:31:06]} 3. g3 {[%clk 1:31:37]} e6 {[%clk 1:31:11]} 4. c4
{[%clk 1:31:42]} Be7 {[%clk 1:31:26]} 5. Bg2 {[%clk 1:32:03]} O-O
{[%clk 1:31:22]} 6. O-O {[%clk 1:32:20]} b6 {[%clk 1:30:57]} 7. Nc3
{[%clk 1:23:03]} Bb7 {[%clk 1:31:04]} 8. cxd5 {[%clk 1:14:40]} exd5
{[%clk 1:28:34]} 9. Qc2 {[%clk 1:13:50]} c5 {[%clk 1:24:15]} 10. dxc5
{[%clk 1:04:39]} Bxc5 {[%clk 1:22:55]} 11. Na4 {[%clk 1:00:09]} Be7
{[%clk 1:17:51]} 12. Nd4 {[%clk 0:56:56]} Qd7 {[%clk 1:17:38]} 13. a3
{[%clk 0:38:55]} Nc6 {[%clk 1:15:38]} 14. Nxc6 {[%clk 0:35:08]} Bxc6
{[%clk 1:15:54]} 15. Nc3 {[%clk 0:35:15]} Rac8 {[%clk 1:16:09]} 16. Qd1
{[%clk 0:33:38]} Rfd8 {[%clk 1:15:46]} 17. e3 {[%clk 0:32:45]} h6
{[%clk 1:08:10]} 18. Re1 {[%clk 0:28:34]} Ne4 {[%clk 1:04:21]} 19. Nxe4
{[%clk 0:28:33]} dxe4 {[%clk 1:03:11]} 20. Qxd7 {[%clk 0:28:55]} Bxd7
{[%clk 1:01:47]} 21. Bxe4 {[%clk 0:29:10]} Bf6 {[%clk 1:01:49]} 22. Rd1
{[%clk 0:25:14]} Bh3 {[%clk 0:58:43]} 23. Rxd8+ {[%clk 0:20:17]} Rxd8
{[%clk 0:58:58]} 24. f4 {[%clk 0:20:40]} Rd1+ {[%clk 0:53:09]} 25. Kf2
{[%clk 0:21:01]} Rf1+ {[%clk 0:46:14]} 26. Ke2 {[%clk 0:21:01]} Rg1
{[%clk 0:46:02]} 27. Kd2 {[%clk 0:12:47]} Bg2 {[%clk 0:38:49]} 28. Bf5
{[%clk 0:06:48]} Bf3 {[%clk 0:36:18]} 29. Rb1 {[%clk 0:03:20]} Rg2+
{[%clk 0:36:16]} 30. Kd3 {[%clk 0:02:42]} Rxh2 {[%clk 0:32:47]} 31. Be4
{[%clk 0:01:15]} Be2+ {[%clk 0:26:26]} 32. Kd2 {[%clk 0:01:04]} Bc4+
{[%clk 0:26:32]} 33. Ke1 {[%clk 0:00:53]} Re2+ {[%clk 0:18:17]} 34. Kd1
{[%clk 0:01:09]} Rf2 {[%clk 0:18:19]} 35. Ke1 {[%clk 0:00:56]} Rf1+
{[%clk 0:18:39]} 36. Kd2 {[%clk 0:01:06]} Rg1 {[%clk 0:18:33]} 37. b3
{[%clk 0:01:08]} Ba6 {[%clk 0:18:11]} 38. Bd3 {[%clk 0:00:43]} Rg2+
{[%clk 0:18:03]} 39. Kd1 {[%clk 0:00:39]} Bxd3 {[%clk 0:18:18]} 0-1

[Event "WCO 2016"]
[Site "?"]
[Date "2016.09.11"]
[Round "9"]
[Board "10"]
[WhiteID "6600336"]
[White "Barria Baker Raisa Melissa"]
[BlackID "10000429"]
[Black "Angolikin Goretti"]
[Result "1-0"]
[BlackElo "1613"]
[WhiteElo "1961"]
[LiveChessVersion "1.4.8"]

1. d4 {[%clk 1:30:36]} f5 {[%clk 1:30:41]} 2. c4 {[%clk 1:30:25]} Nf6
{[%clk 1:30:58]} 3. Nc3 {[%clk 1:30:44]} e6 {[%clk 1:31:11]} 4. Nf3
{[%clk 1:28:10]} Be7 {[%clk 1:31:29]} 5. Qc2 {[%clk 1:25:36]} d5 {[%clk 1:30:37]}
6. Bf4 {[%clk 1:20:42]} a6 {[%clk 1:30:05]} 7. e3 {[%clk 1:18:07]} Nc6
{[%clk 1:30:05]} 8. a3 {[%clk 1:15:45]} O-O {[%clk 1:30:18]} 9. Ne5
{[%clk 1:14:11]} Nxe5 {[%clk 1:28:19]} 10. Bxe5 {[%clk 1:14:34]} Bd6
{[%clk 1:25:13]} 11. Bxf6 {[%clk 1:14:29]} Qxf6 {[%clk 1:23:52]} 12. cxd5
{[%clk 1:14:54]} b5 {[%clk 1:21:30]} 13. Be2 {[%clk 1:10:57]} e5 {[%clk 1:18:52]}
14. dxe5 {[%clk 1:08:57]} Qxe5 {[%clk 1:17:00]} 15. g3 {[%clk 1:05:32]} Bd7
{[%clk 1:14:54]} 16. O-O {[%clk 1:04:09]} Rae8 {[%clk 1:14:02]} 17. Bf3
{[%clk 1:03:58]} Rf6 {[%clk 1:13:17]} 18. Ne2 {[%clk 1:03:59]} g5
{[%clk 1:05:00]} 19. Qc3 {[%clk 0:58:44]} Qe7 {[%clk 1:05:03]} 20. Rfd1
{[%clk 0:58:19]} g4 {[%clk 1:02:32]} 21. Bg2 {[%clk 0:52:13]} h5 {[%clk 1:02:31]}
22. Nf4 {[%clk 0:52:00]} h4 {[%clk 0:58:55]} 23. Ne6 {[%clk 0:51:19]} hxg3
{[%clk 0:57:06]} 24. hxg3 {[%clk 0:42:08]} Kh7 {[%clk 0:33:16]} 25. e4
{[%clk 0:31:40]} Bxe6 {[%clk 0:25:22]} 26. e5 {[%clk 0:29:09]} Bxe5
{[%clk 0:20:40]} 27. Qxe5 {[%clk 0:29:24]} Bc8 {[%clk 0:20:12]} 28. Qf4
{[%clk 0:29:35]} Qd6 {[%clk 0:14:48]} 29. Qd4 {[%clk 0:28:15]} Qe5
{[%clk 0:13:56]} 30. Qa7 {[%clk 0:26:37]} Qd6 {[%clk 0:09:37]} 31. Rac1
{[%clk 0:26:54]} Re7 {[%clk 0:05:37]} 32. Qb8 {[%clk 0:25:12]} Re8
{[%clk 0:02:31]} 33. Rxc7+ {[%clk 0:25:26]} Bd7 {[%clk 0:02:01]} 34. Qxe8
{[%clk 0:21:42]} Qxc7 {[%clk 0:02:04]} 35. d6 {[%clk 0:21:54]} Rxd6
{[%clk 0:01:35]} 36. Qe7+ {[%clk 0:22:13]} Kg8 {[%clk 0:00:39]} 37. Qxd6
{[%clk 0:22:32]} 1-0

[Event "WCO 2016"]
[Site "?"]
[Date "2016.09.11"]
[Round "9"]
[Board "11"]
[WhiteID "10000836"]
[White "Kabengano Joyce"]
[BlackID "6600344"]
[Black "Gonzalez Yaribeth"]
[Result "1/2-1/2"]
[BlackElo "1826"]
[WhiteElo "1559"]
[LiveChessVersion "1.4.8"]

1. e4 {[%clk 1:30:55]} e5 {[%clk 1:30:51]} 2. Nf3 {[%clk 1:31:14]} d6
{[%clk 1:31:08]} 3. Bc4 {[%clk 1:31:19]} Be7 {[%clk 1:30:47]} 4. c3
{[%clk 1:31:18]} Nf6 {[%clk 1:27:36]} 5. d3 {[%clk 1:31:32]} O-O {[%clk 1:27:26]}
6. h3 {[%clk 1:31:10]} c6 {[%clk 1:27:09]} 7. O-O {[%clk 1:30:51]} d5
{[%clk 1:21:20]} 8. Bb3 {[%clk 1:25:50]} Qc7 {[%clk 1:21:23]} 9. Re1
{[%clk 1:24:08]} dxe4 {[%clk 1:19:57]} 10. dxe4 {[%clk 1:24:17]} Nbd7
{[%clk 1:19:47]} 11. Nbd2 {[%clk 1:22:27]} Nc5 {[%clk 1:14:36]} 12. Bc2
{[%clk 1:21:13]} b5 {[%clk 1:09:37]} 13. Nf1 {[%clk 1:19:04]} Ba6
{[%clk 1:04:12]} 14. Ng3 {[%clk 1:16:15]} Rad8 {[%clk 0:59:54]} 15. Qe2
{[%clk 1:15:57]} b4 {[%clk 0:59:47]} 16. c4 {[%clk 1:16:00]} Ne6 {[%clk 0:47:00]}
17. b3 {[%clk 1:11:18]} c5 {[%clk 0:45:14]} 18. Be3 {[%clk 1:07:58]} Nd4
{[%clk 0:40:15]} 19. Bxd4 {[%clk 1:05:56]} cxd4 {[%clk 0:39:48]} 20. Rad1
{[%clk 1:01:09]} Bc5 {[%clk 0:37:53]} 21. Qd2 {[%clk 0:59:43]} Ne8
{[%clk 0:31:10]} 22. Nf5 {[%clk 0:53:31]} f6 {[%clk 0:28:38]} 23. Bd3
{[%clk 0:49:37]} Bc8 {[%clk 0:28:04]} 24. N3h4 {[%clk 0:46:25]} Nd6
{[%clk 0:17:04]} 25. Nxd6 {[%clk 0:39:18]} Rxd6 {[%clk 0:17:11]} 26. Kh1
{[%clk 0:38:52]} a5 {[%clk 0:13:13]} 27. Nf5 {[%clk 0:33:19]} Ra6
{[%clk 0:13:36]} 28. Rf1 {[%clk 0:32:53]} Qb7 {[%clk 0:10:22]} 29. Ng3
{[%clk 0:30:08]} a4 {[%clk 0:09:43]} 30. Bc2 {[%clk 0:23:18]} Bd7
{[%clk 0:08:53]} 31. f4 {[%clk 0:22:34]} Rfa8 {[%clk 0:08:29]} 32. fxe5
{[%clk 0:22:08]} fxe5 {[%clk 0:08:27]} 33. Qg5 {[%clk 0:21:30]} Re8
{[%clk 0:02:23]} 34. Nf5 {[%clk 0:21:04]} Rg6 {[%clk 0:02:32]} 35. Qd2
{[%clk 0:17:48]} axb3 {[%clk 0:01:51]} 36. axb3 {[%clk 0:17:57]} Ra8
{[%clk 0:01:38]} 37. Rf3 {[%clk 0:16:00]} Bc6 {[%clk 0:01:46]} 38. Nh4
{[%clk 0:12:14]} Re6 {[%clk 0:00:39]} 1/2-1/2

[Event "WCO 2016"]
[Site "?"]
[Date "2016.09.11"]
[Round "9"]
[Board "12"]
[WhiteID "6600603"]
[White "Chung Yaleika"]
[BlackID "10000445"]
[Black "Namaganda Christine"]
[Result "1/2-1/2"]
[BlackElo "1555"]
[WhiteElo "1797"]
[LiveChessVersion "1.4.8"]

1. d4 {[%clk 1:30:57]} Nf6 {[%clk 1:30:51]} 2. c4 {[%clk 1:31:18]} g6
{[%clk 1:31:17]} 3. Nc3 {[%clk 1:31:42]} Bg7 {[%clk 1:31:44]} 4. e4
{[%clk 1:32:04]} d6 {[%clk 1:32:09]} 5. f3 {[%clk 1:32:27]} c6 {[%clk 1:32:16]}
6. Be3 {[%clk 1:32:31]} O-O {[%clk 1:32:01]} 7. Bd3 {[%clk 1:32:34]} Nbd7
{[%clk 1:30:34]} 8. Nh3 {[%clk 1:31:59]} a6 {[%clk 1:29:34]} 9. Qd2
{[%clk 1:32:05]} Re8 {[%clk 1:28:58]} 10. Nf2 {[%clk 1:31:19]} Rb8
{[%clk 1:29:03]} 11. h4 {[%clk 1:31:41]} b5 {[%clk 1:28:40]} 12. cxb5
{[%clk 1:31:10]} axb5 {[%clk 1:28:46]} 13. a3 {[%clk 1:31:15]} Nb6
{[%clk 1:23:56]} 14. g4 {[%clk 1:30:33]} Nc4 {[%clk 1:19:27]} 15. Bxc4
{[%clk 1:30:33]} bxc4 {[%clk 1:19:46]} 16. Rb1 {[%clk 1:28:59]} Qa5
{[%clk 1:14:46]} 17. Na2 {[%clk 1:23:44]} Qa7 {[%clk 1:09:56]} 18. Nb4
{[%clk 1:17:49]} Qb7 {[%clk 1:08:27]} 19. O-O {[%clk 1:07:59]} Qc7
{[%clk 1:02:47]} 20. Qc2 {[%clk 1:05:03]} d5 {[%clk 1:01:34]} 21. e5
{[%clk 1:05:21]} Nd7 {[%clk 1:00:26]} 22. f4 {[%clk 1:05:38]} e6 {[%clk 0:58:43]}
23. Kg2 {[%clk 1:04:58]} c5 {[%clk 0:58:19]} 24. dxc5 {[%clk 0:55:28]} Nxc5
{[%clk 0:58:38]} 25. Rbc1 {[%clk 0:53:47]} Na6 {[%clk 0:56:29]} 26. Nfd3
{[%clk 0:46:48]} Qb7 {[%clk 0:52:12]} 27. Nc5 {[%clk 0:44:11]} Nxb4
{[%clk 0:50:46]} 28. Qa4 {[%clk 0:41:07]} Qb5 {[%clk 0:49:03]} 29. Qxb5
{[%clk 0:33:02]} Rxb5 {[%clk 0:48:23]} 30. axb4 {[%clk 0:33:26]} Rxb4
{[%clk 0:48:45]} 31. Rf2 {[%clk 0:33:46]} Bb7 {[%clk 0:44:15]} 32. Nxb7
{[%clk 0:34:02]} Rxb7 {[%clk 0:44:34]} 33. Ra1 {[%clk 0:34:26]} Reb8
{[%clk 0:40:55]} 34. Bd4 {[%clk 0:34:39]} Bf8 {[%clk 0:40:05]} 35. f5
{[%clk 0:34:20]} Be7 {[%clk 0:29:32]} 36. fxe6 {[%clk 0:34:13]} Bxh4
{[%clk 0:28:36]} 37. exf7+ {[%clk 0:33:26]} Rxf7 {[%clk 0:27:58]} 38. Rxf7
{[%clk 0:32:05]} Kxf7 {[%clk 0:26:55]} 39. Rf1+ {[%clk 0:32:32]} Ke6
{[%clk 0:26:04]} 40. Rh1 {[%clk 1:02:42]} 1/2-1/2

[Event "WCO 2016"]
[Site "?"]
[Date "2016.09.11"]
[Round "9"]
[Board "13"]
[WhiteID "10100903"]
[White "Caxita Esperanca"]
[BlackID "31000410"]
[Black "Szekely Olga"]
[Result "1-0"]
[BlackElo "1754"]
[WhiteElo "1871"]
[LiveChessVersion "1.4.8"]

1. e4 {[%clk 1:30:56]} d6 {[%clk 1:30:41]} 2. d4 {[%clk 1:31:15]} Nf6
{[%clk 1:31:03]} 3. Nc3 {[%clk 1:31:22]} g6 {[%clk 1:31:25]} 4. Bc4
{[%clk 1:30:51]} Bg7 {[%clk 1:31:42]} 5. Nge2 {[%clk 1:30:13]} O-O
{[%clk 1:31:49]} 6. f3 {[%clk 1:30:24]} Nc6 {[%clk 1:27:55]} 7. Be3
{[%clk 1:30:27]} e5 {[%clk 1:27:41]} 8. Qd2 {[%clk 1:29:12]} exd4
{[%clk 1:25:45]} 9. Nxd4 {[%clk 1:29:24]} Nxd4 {[%clk 1:22:13]} 10. Bxd4
{[%clk 1:29:39]} Be6 {[%clk 1:20:37]} 11. Be2 {[%clk 1:29:08]} a6
{[%clk 1:17:14]} 12. a3 {[%clk 1:28:30]} Rb8 {[%clk 1:11:45]} 13. O-O
{[%clk 1:28:21]} b5 {[%clk 1:10:57]} 14. Rad1 {[%clk 1:23:08]} Bc4
{[%clk 1:06:38]} 15. Bxc4 {[%clk 1:18:32]} bxc4 {[%clk 1:06:50]} 16. Rb1
{[%clk 1:17:31]} c5 {[%clk 1:04:26]} 17. Be3 {[%clk 1:17:21]} Qe7
{[%clk 0:57:19]} 18. Rfd1 {[%clk 1:16:56]} Rfd8 {[%clk 0:54:30]} 19. Bg5
{[%clk 1:16:11]} h6 {[%clk 0:43:55]} 20. Bxh6 {[%clk 1:15:32]} Bxh6
{[%clk 0:44:06]} 21. Qxh6 {[%clk 1:15:49]} Qe6 {[%clk 0:41:40]} 22. Kf2
{[%clk 1:12:15]} d5 {[%clk 0:39:33]} 23. exd5 {[%clk 1:10:36]} Nxd5
{[%clk 0:39:47]} 24. Nxd5 {[%clk 1:10:47]} Rxd5 {[%clk 0:39:53]} 25. Rxd5
{[%clk 1:09:24]} Qxd5 {[%clk 0:40:14]} 26. Qe3 {[%clk 1:09:39]} Qd4
{[%clk 0:37:17]} 27. c3 {[%clk 1:09:30]} Qd5 {[%clk 0:32:00]} 28. Qe2
{[%clk 1:07:16]} Qf5 {[%clk 0:29:37]} 29. Rd1 {[%clk 1:06:37]} Kg7
{[%clk 0:28:41]} 30. Rd2 {[%clk 1:05:15]} Qg5 {[%clk 0:25:59]} 31. g3
{[%clk 1:01:34]} Rb6 {[%clk 0:24:59]} 32. f4 {[%clk 1:01:27]} Qf5
{[%clk 0:22:09]} 33. Qe5+ {[%clk 1:00:49]} Qf6 {[%clk 0:18:29]} 34. Qxc5
{[%clk 1:00:37]} Qe6 {[%clk 0:16:24]} 35. Re2 {[%clk 0:59:55]} Qc6
{[%clk 0:14:39]} 36. Qxc6 {[%clk 0:59:28]} Rxc6 {[%clk 0:15:03]} 37. Kf3
{[%clk 0:58:49]} f5 {[%clk 0:14:47]} 38. Rd2 {[%clk 0:59:02]} Rb6
{[%clk 0:12:53]} 39. h4 {[%clk 0:58:52]} Kf6 {[%clk 0:13:04]} 40. Rh2
{[%clk 1:29:17]} Rd6 {[%clk 0:41:44]} 41. Ke2 {[%clk 1:29:29]} Rd3
{[%clk 0:40:20]} 42. Rg2 {[%clk 1:29:03]} Rd6 {[%clk 0:38:46]} 43. Ke1
{[%clk 1:27:27]} Rb6 {[%clk 0:35:36]} 44. Kd1 {[%clk 1:26:15]} Ke6
{[%clk 0:33:41]} 45. Re2+ {[%clk 1:26:19]} Kf6 {[%clk 0:33:30]} 46. Kc2
{[%clk 1:26:38]} Kf7 {[%clk 0:32:09]} 47. Re5 {[%clk 1:26:14]} Rc6
{[%clk 0:31:57]} 48. b3 {[%clk 1:26:14]} cxb3+ {[%clk 0:32:04]} 49. Kxb3
{[%clk 1:26:33]} Rd6 {[%clk 0:32:04]} 50. Kc4 {[%clk 1:26:27]} Rc6+
{[%clk 0:32:09]} 51. Kd4 {[%clk 1:26:23]} Rb6 {[%clk 0:31:08]} 52. c4
{[%clk 1:26:33]} Rb1 {[%clk 0:29:16]} 53. Re3 {[%clk 1:25:55]} a5
{[%clk 0:29:06]} 54. c5 {[%clk 1:26:07]} Rd1+ {[%clk 0:26:38]} 55. Rd3
{[%clk 1:26:09]} Rc1 {[%clk 0:26:57]} 56. Kd5 {[%clk 1:26:10]} Ke7
{[%clk 0:26:16]} 57. Re3+ {[%clk 1:25:54]} Kd7 {[%clk 0:25:48]} 58. c6+
{[%clk 1:25:26]} Kc7 {[%clk 0:25:32]} 59. Re7+ {[%clk 1:25:42]} Kc8
{[%clk 0:20:09]} 60. Rg7 {[%clk 1:24:27]} Rd1+ {[%clk 0:20:17]} 61. Kc5
{[%clk 1:24:19]} Rd3 {[%clk 0:17:22]} 62. Rxg6 {[%clk 1:24:28]} Rxa3
{[%clk 0:17:26]} 63. h5 {[%clk 1:24:50]} Ra1 {[%clk 0:16:03]} 64. h6
{[%clk 1:25:06]} Rh1 65. Rg8+ {[%clk 1:25:27]} Kc7 {[%clk 0:15:43]} 1-0

[Event "WCO 2016"]
[Site "?"]
[Date "2016.09.11"]
[Round "9"]
[Board "13"]
[WhiteID "12312754"]
[White "Joshi Sindira"]
[BlackID "7800711"]
[Black "Begum Ghazala"]
[Result "1-0"]
[BlackElo "1668"]
[WhiteElo "1574"]
[LiveChessVersion "1.4.8"]

1. e4 {[%clk 1:30:57]} d6 {[%clk 1:30:44]} 2. d4 {[%clk 1:31:20]} Nf6
{[%clk 1:30:56]} 3. Nc3 {[%clk 1:31:36]} g6 {[%clk 1:31:09]} 4. Nf3
{[%clk 1:31:51]} Bg7 {[%clk 1:31:31]} 5. h3 {[%clk 1:31:22]} O-O {[%clk 1:31:08]}
6. Be3 {[%clk 1:31:35]} a6 {[%clk 1:30:11]} 7. a4 {[%clk 1:31:40]} Nbd7
{[%clk 1:30:16]} 8. e5 {[%clk 1:24:23]} Ne8 {[%clk 1:28:41]} 9. e6
{[%clk 1:23:29]} fxe6 {[%clk 1:27:34]} 10. Bc4 {[%clk 1:23:35]} d5
{[%clk 1:26:49]} 11. Bd3 {[%clk 1:21:54]} h6 {[%clk 1:23:58]} 12. Qd2
{[%clk 1:21:33]} Kh7 {[%clk 1:24:24]} 13. h4 {[%clk 1:18:34]} c5 {[%clk 1:24:47]}
14. h5 {[%clk 1:17:28]} Rf5 {[%clk 1:24:32]} 15. hxg6+ {[%clk 1:17:24]} Kg8
{[%clk 1:24:35]} 16. Bxf5 {[%clk 1:17:39]} exf5 {[%clk 1:24:20]} 17. Bxh6
{[%clk 1:17:30]} Nef6 {[%clk 1:24:46]} 18. Bxg7 {[%clk 1:17:20]} Kxg7
{[%clk 1:25:10]} 19. Qh6+ {[%clk 1:17:37]} 1-0

[Event "WCO 2016"]
[Site "?"]
[Date "2016.09.11"]
[Round "9"]
[Board "14"]
[WhiteID "7800746"]
[White "Wasif Zenobia"]
[BlackID "12301329"]
[Black "Adhikari Ashmita"]
[Result "1-0"]
[BlackElo "1632"]
[WhiteElo "1566"]
[LiveChessVersion "1.4.8"]

1. e4 {[%clk 1:30:48]} e5 {[%clk 1:30:54]} 2. Nf3 {[%clk 1:31:11]} Nc6
{[%clk 1:31:13]} 3. c4 {[%clk 1:31:31]} Bc5 {[%clk 1:31:13]} 4. Nc3
{[%clk 1:31:18]} d6 {[%clk 1:31:03]} 5. h3 {[%clk 1:31:28]} Nf6 {[%clk 1:30:14]}
6. d3 {[%clk 1:31:24]} h6 {[%clk 1:30:18]} 7. Be2 {[%clk 1:31:43]} O-O
{[%clk 1:30:12]} 8. O-O {[%clk 1:32:03]} Ne7 {[%clk 1:29:16]} 9. Na4
{[%clk 1:28:08]} Bb6 {[%clk 1:29:15]} 10. Nxb6 {[%clk 1:28:22]} axb6
{[%clk 1:29:38]} 11. Nh2 {[%clk 1:27:48]} Ng6 {[%clk 1:23:52]} 12. f4
{[%clk 1:25:37]} exf4 {[%clk 1:23:35]} 13. Bxf4 {[%clk 1:25:43]} Be6
{[%clk 1:22:27]} 14. Qe1 {[%clk 1:24:16]} Qe7 {[%clk 1:18:17]} 15. Qg3
{[%clk 1:23:51]} Rad8 {[%clk 1:11:00]} 16. Bd2 {[%clk 1:18:32]} c6
{[%clk 1:07:51]} 17. Bc3 {[%clk 1:11:55]} Nd7 {[%clk 1:05:06]} 18. Bh5
{[%clk 1:11:27]} Kh7 {[%clk 1:05:18]} 19. Kh1 {[%clk 1:03:54]} Nc5
{[%clk 1:01:16]} 20. b3 {[%clk 1:01:09]} d5 {[%clk 0:59:05]} 21. exd5
{[%clk 0:59:11]} cxd5 {[%clk 0:59:13]} 22. Bxg6+ {[%clk 0:53:54]} fxg6
{[%clk 0:59:26]} 23. Bb4 {[%clk 0:53:48]} Rxf1+ {[%clk 0:56:27]} 24. Rxf1
{[%clk 0:53:32]} Qd7 {[%clk 0:56:12]} 25. Bxc5 {[%clk 0:46:20]} bxc5
{[%clk 0:56:32]} 26. Nf3 {[%clk 0:46:02]} Bf5 {[%clk 0:50:15]} 27. Nh4
{[%clk 0:39:09]} dxc4 {[%clk 0:46:56]} 28. dxc4 {[%clk 0:37:22]} Ra8
{[%clk 0:44:59]} 29. a4 {[%clk 0:35:51]} Bc2 {[%clk 0:43:06]} 30. Qc3
{[%clk 0:32:12]} Be4 {[%clk 0:42:19]} 31. Re1 {[%clk 0:29:32]} Qe7
{[%clk 0:41:33]} 32. Nf3 {[%clk 0:29:22]} Re8 {[%clk 0:40:29]} 33. Qe3
{[%clk 0:27:19]} b6 {[%clk 0:39:17]} 34. Kg1 {[%clk 0:27:37]} Qe6
{[%clk 0:38:28]} 35. Nd2 {[%clk 0:24:29]} Bf5 {[%clk 0:37:54]} 36. Kf2
{[%clk 0:23:54]} Qxe3+ {[%clk 0:37:36]} 37. Rxe3 {[%clk 0:24:17]} Rd8
{[%clk 0:37:36]} 38. Nf3 {[%clk 0:23:08]} Rd1 {[%clk 0:35:38]} 39. g4
{[%clk 0:23:06]} Bc2 {[%clk 0:34:45]} 40. Re6 {[%clk 0:50:41]} Bxb3
{[%clk 1:03:50]} 41. Rxb6 {[%clk 0:50:55]} Bxa4 {[%clk 1:03:33]} 42. Ne5
{[%clk 0:51:00]} g5 {[%clk 0:59:19]} 43. Rb7 {[%clk 0:50:00]} Rd2+
{[%clk 0:58:49]} 44. Kg3 {[%clk 0:50:02]} Rc2 {[%clk 0:58:06]} 45. Rc7
{[%clk 0:49:58]} Rc3+ {[%clk 0:57:52]} 46. Kg2 {[%clk 0:50:04]} Re3
{[%clk 0:56:46]} 47. Rxc5 {[%clk 0:50:08]} Bc2 {[%clk 0:56:32]} 48. Nf7
{[%clk 0:47:17]} Be4+ {[%clk 0:56:30]} 49. Kh2 {[%clk 0:46:58]} Re2+
{[%clk 0:56:47]} 50. Kg1 {[%clk 0:45:48]} Rg2+ {[%clk 0:56:48]} 51. Kf1
{[%clk 0:45:31]} Rg3 {[%clk 0:56:52]} 52. Nd6 {[%clk 0:44:09]} Bh1
{[%clk 0:56:21]} 53. Rc7 {[%clk 0:44:10]} Rxh3 {[%clk 0:55:57]} 54. Nf5
{[%clk 0:44:16]} Be4 {[%clk 0:52:25]} 55. Nxg7 {[%clk 0:44:17]} Kh8
{[%clk 0:51:28]} 56. Nh5 {[%clk 0:42:51]} Bg6 {[%clk 0:46:33]} 57. Rc8+
{[%clk 0:40:00]} Kh7 {[%clk 0:46:34]} 58. Rc7+ {[%clk 0:37:00]} Kg8
{[%clk 0:46:11]} 59. Nf6+ {[%clk 0:37:19]} Kf8 {[%clk 0:45:54]} 60. Ke2
{[%clk 0:36:27]} Rh2+ {[%clk 0:44:59]} 61. Ke3 {[%clk 0:36:35]} Rc2
{[%clk 0:44:07]} 62. Kd4 {[%clk 0:36:49]} Rd2+ {[%clk 0:44:09]} 63. Ke5
{[%clk 0:35:36]} Re2+ {[%clk 0:43:50]} 64. Kd6 {[%clk 0:35:24]} Rd2+
{[%clk 0:43:06]} 65. Kc6 {[%clk 0:35:14]} Be8+ {[%clk 0:40:41]} 66. Nxe8
{[%clk 0:33:58]} Kxe8 {[%clk 0:41:01]} 67. Rh7 {[%clk 0:34:13]} Rh2
{[%clk 0:41:04]} 68. c5 {[%clk 0:33:53]} Rh4 {[%clk 0:39:50]} 69. Kb7
{[%clk 0:33:47]} Rxg4 {[%clk 0:39:16]} 70. Rxh6 {[%clk 0:33:50]} Rb4+
{[%clk 0:39:33]} 71. Rb6 {[%clk 0:32:37]} Rd4 {[%clk 0:37:41]} 72. c6
{[%clk 0:32:50]} g4 {[%clk 0:36:54]} 73. c7 {[%clk 0:32:50]} Rd7 {[%clk 0:35:41]}
74. Kb8 {[%clk 0:33:01]} g3 {[%clk 0:35:07]} 75. c8=Q+ Ke7 76. Qc5+
{[%clk 0:28:58]} Ke8 {[%clk 0:33:59]} 77. Qe5+ {[%clk 0:29:01]} 1-0

[Event "WCO 2016"]
[Site "?"]
[Date "2016.09.11"]
[Round "9"]
[Board "17"]
[WhiteID "11400099"]
[White "Sukhu Gloria"]
[BlackID "19700288"]
[Black "Varona-Thomas Maria"]
[Result "0-1"]
[BlackElo "1775"]
[WhiteElo "1476"]
[LiveChessVersion "1.4.8"]

1. e4 {[%clk 1:30:48]} c5 {[%clk 1:30:56]} 2. Nf3 {[%clk 1:31:10]} d6
{[%clk 1:31:19]} 3. Bc4 {[%clk 1:31:17]} Nf6 {[%clk 1:30:48]} 4. d3
{[%clk 1:31:41]} g6 {[%clk 1:28:53]} 5. c3 {[%clk 1:31:33]} Bg7 {[%clk 1:28:41]}
6. Be3 {[%clk 1:30:40]} Nc6 {[%clk 1:27:38]} 7. a3 {[%clk 1:30:45]} O-O
{[%clk 1:23:46]} 8. O-O {[%clk 1:31:09]} a6 {[%clk 1:21:46]} 9. Ba2
{[%clk 1:31:31]} b5 {[%clk 1:20:55]} 10. Qc1 {[%clk 1:30:26]} Bb7
{[%clk 1:10:04]} 11. Bh6 {[%clk 1:30:50]} Rc8 {[%clk 1:09:48]} 12. Bxg7
{[%clk 1:31:15]} Kxg7 {[%clk 1:10:13]} 13. Qf4 {[%clk 1:30:48]} e5
{[%clk 1:02:43]} 14. Qg3 {[%clk 1:30:26]} Nh5 {[%clk 0:57:51]} 15. Qg4
{[%clk 1:28:43]} Nf4 {[%clk 0:43:56]} 16. Ne1 {[%clk 1:28:05]} h5
{[%clk 0:41:53]} 17. Qf3 {[%clk 1:28:07]} Rc7 {[%clk 0:40:16]} 18. Nd2
{[%clk 1:28:26]} Qg5 {[%clk 0:36:18]} 19. Kh1 {[%clk 1:28:04]} Ne7
{[%clk 0:20:51]} 20. Qe3 {[%clk 1:25:51]} f5 {[%clk 0:18:47]} 21. Ndf3
{[%clk 1:26:05]} Qh6 {[%clk 0:09:27]} 22. h4 {[%clk 1:25:29]} fxe4
{[%clk 0:07:53]} 23. Ng5 {[%clk 1:25:52]} Nf5 {[%clk 0:06:53]} 24. Ne6+
{[%clk 1:25:02]} Nxe6 {[%clk 0:07:14]} 25. Qxh6+ {[%clk 1:25:00]} Kxh6
{[%clk 0:07:39]} 26. Bxe6 {[%clk 1:25:03]} Ng3+ {[%clk 0:08:02]} 27. fxg3 Rxf1+
28. Kh2 {[%clk 1:24:18]} exd3 {[%clk 0:08:31]} 29. Rd1 {[%clk 1:24:02]} d2
{[%clk 0:08:28]} 30. Rxd2 {[%clk 1:24:28]} Rxe1 {[%clk 0:08:43]} 31. Rf2
{[%clk 1:23:43]} d5 {[%clk 0:08:37]} 32. Rf8 {[%clk 1:23:49]} Re2
{[%clk 0:08:38]} 33. Rh8+ {[%clk 1:23:51]} Rh7 {[%clk 0:08:49]} 34. Rd8
{[%clk 1:24:04]} d4 {[%clk 0:09:15]} 35. Bd5 {[%clk 1:24:30]} Bxd5
{[%clk 0:09:17]} 36. Rxd5 Rc7 37. c4 {[%clk 1:23:49]} bxc4 {[%clk 0:09:39]} 38.
Rd6 {[%clk 1:24:07]} Rxb2 {[%clk 0:09:51]} 39. Rxa6 {[%clk 1:24:33]} e4
{[%clk 0:10:08]} 40. Kh3 {[%clk 1:24:38]} c3 {[%clk 0:10:13]} 41. g4
{[%clk 1:24:50]} c2 {[%clk 0:10:06]} 42. gxh5 {[%clk 1:55:14]} Kxh5
{[%clk 0:38:11]} 43. g4+ {[%clk 1:55:40]} Kh6 {[%clk 0:38:26]} 44. h5
{[%clk 1:55:46]} Rg7 {[%clk 0:38:15]} 45. Kh4 {[%clk 1:55:49]} c1=Q 0-1